<?xml version="1.0" encoding="UTF-8"?>
<record
    xmlns:xsi="http://www.w3.org/2001/XMLSchema-instance"
    xsi:schemaLocation="http://www.loc.gov/MARC21/slim http://www.loc.gov/standards/marcxml/schema/MARC21slim.xsd"
    xmlns="http://www.loc.gov/MARC21/slim">

  <leader>01322nam a22002777a 4500</leader>
  <datafield tag="999" ind1=" " ind2=" ">
    <subfield code="c">14231</subfield>
    <subfield code="d">14231</subfield>
  </datafield>
  <controlfield tag="005">20230609155001.0</controlfield>
  <controlfield tag="008">080707t        xxu||||| |||| 00| f hin d</controlfield>
  <datafield tag="010" ind1=" " ind2=" ">
    <subfield code="a">HIN-83746           B-297619-625 HIn-125212 HIN-125267</subfield>
  </datafield>
  <datafield tag="020" ind1=" " ind2=" ">
    <subfield code="c">150.00</subfield>
    <subfield code="a">8190388010</subfield>
  </datafield>
  <datafield tag="035" ind1=" " ind2=" ">
    <subfield code="a">HN-56092 HN-97558 HN-97613</subfield>
  </datafield>
  <datafield tag="035" ind1=" " ind2=" ">
    <subfield code="a">B-297619-625</subfield>
  </datafield>
  <datafield tag="037" ind1=" " ind2=" ">
    <subfield code="b">DBAD / PUB</subfield>
  </datafield>
  <datafield tag="037" ind1=" " ind2=" ">
    <subfield code="b">&#x935;&#x93F;&#x91C;&#x94D;&#x91E;&#x93E;&#x928; &#x92D;&#x93E;&#x930;&#x924;&#x940;</subfield>
  </datafield>
  <datafield tag="040" ind1=" " ind2=" ">
    <subfield code="a">DPL</subfield>
    <subfield code="b">HN</subfield>
  </datafield>
  <datafield tag="082" ind1=" " ind2=" ">
    <subfield code="a">&#x909;</subfield>
  </datafield>
  <datafield tag="100" ind1=" " ind2=" ">
    <subfield code="a">&#x905;&#x92C;&#x94D;&#x926;&#x941;&#x932;&#x94D;&#x932;&#x93E; &#x939;&#x941;&#x938;&#x948;&#x928;</subfield>
  </datafield>
  <datafield tag="245" ind1=" " ind2=" ">
    <subfield code="a">&#x92C;&#x902;&#x91F;&#x935;&#x93E;&#x930;&#x93E; /</subfield>
    <subfield code="c">&#x905;&#x92C;&#x94D;&#x926;&#x941;&#x932;&#x93E; &#x939;&#x941;&#x938;&#x948;&#x928;; &#x92E;&#x941;&#x936;&#x930;&#x94D;&#x930;&#x92B; &#x906;&#x932;&#x92E; &#x91C;&#x93C;&#x94C;&#x915;&#x93C;&#x940; &#x926;&#x94D;&#x935;&#x93E;&#x930;&#x93E; &#x938;&#x902;&#x92A;&#x93E;&#x926;&#x93F;&#x924;</subfield>
  </datafield>
  <datafield tag="246" ind1=" " ind2=" ">
    <subfield code="a">Batwara</subfield>
    <subfield code="b">by Abdulla Husain; edited by Mushruff Aalam Jauki</subfield>
  </datafield>
  <datafield tag="260" ind1=" " ind2=" ">
    <subfield code="a">&#x917;&#x93E;&#x91C;&#x93F;&#x92F;&#x93E;&#x92C;&#x93E;&#x926;</subfield>
    <subfield code="b">&#x935;&#x93F;&#x91C;&#x94D;&#x91E;&#x93E;&#x928; &#x92D;&#x93E;&#x930;&#x924;&#x940;</subfield>
    <subfield code="c">2006</subfield>
  </datafield>
  <datafield tag="270" ind1=" " ind2=" ">
    <subfield code="a">&#x92C;&#x940;-78, &#x938;&#x942;&#x930;&#x94D;&#x92F;&#x928;&#x917;&#x930;</subfield>
    <subfield code="b">&#x917;&#x93E;&#x91C;&#x93F;&#x92F;&#x93E;&#x92C;&#x93E;&#x926; (&#x909;.&#x92A;&#x94D;&#x930;.)</subfield>
  </datafield>
  <datafield tag="300" ind1=" " ind2=" ">
    <subfield code="a">136&#x92A;&#x943;</subfield>
    <subfield code="c">22&#x938;&#x947;&#x92E;&#x940;(&#x938;&#x91C;&#x93F;&#x932;&#x94D;&#x926;)</subfield>
  </datafield>
  <datafield tag="650" ind1=" " ind2=" ">
    <subfield code="a">Hindi Novels</subfield>
  </datafield>
  <datafield tag="700" ind1=" " ind2=" ">
    <subfield code="a">&#x92E;&#x941;&#x936;&#x930;&#x94D;&#x930;&#x92B;&#x93C; &#x906;&#x932;&#x92E; &#x91C;&#x93C;&#x94C;&#x915;&#x93C;&#x940;</subfield>
  </datafield>
  <datafield tag="942" ind1=" " ind2=" ">
    <subfield code="2">ddc</subfield>
    <subfield code="c">HN</subfield>
    <subfield code="h">&#x909; </subfield>
    <subfield code="m">&#x905;&#x92C;&#x94D;&#x926;&#x941;&#x932;&#x94D;&#x932;&#x93E;</subfield>
  </datafield>
  <datafield tag="952" ind1=" " ind2=" ">
    <subfield code="0">0</subfield>
    <subfield code="1">0</subfield>
    <subfield code="2">ddc</subfield>
    <subfield code="4">0</subfield>
    <subfield code="7">1</subfield>
    <subfield code="8">NFIC</subfield>
    <subfield code="a">DBAD</subfield>
    <subfield code="b">DBAD</subfield>
    <subfield code="d">2008-07-07</subfield>
    <subfield code="e">&#x92A;&#x941;.&#x92A;&#x94D;&#x930;.&#x905;.&#x92A;&#x94D;&#x930; /&#x92A;&#x94D;&#x930;&#x915;&#x93E;</subfield>
    <subfield code="g">150.00</subfield>
    <subfield code="l">0</subfield>
    <subfield code="o">&#x909; &#x905;&#x92C;&#x94D;&#x926;&#x941;&#x932;&#x94D;&#x932;&#x93E;</subfield>
    <subfield code="p">HN-56092</subfield>
    <subfield code="r">2008-09-15 00:00:00</subfield>
    <subfield code="v">150.00</subfield>
    <subfield code="w">2008-09-15</subfield>
    <subfield code="y">HN</subfield>
  </datafield>
  <datafield tag="952" ind1=" " ind2=" ">
    <subfield code="0">0</subfield>
    <subfield code="1">0</subfield>
    <subfield code="2">ddc</subfield>
    <subfield code="4">0</subfield>
    <subfield code="7">0</subfield>
    <subfield code="8">FIC</subfield>
    <subfield code="a">L</subfield>
    <subfield code="b">L</subfield>
    <subfield code="d">2009-05-21</subfield>
    <subfield code="e">&#x935;&#x93F;&#x91C;&#x94D;&#x91E;&#x93E;&#x928; &#x92D;&#x93E;&#x930;&#x924;&#x940;/228/22.9.08/447/4.9.08/1.10.08</subfield>
    <subfield code="l">3</subfield>
    <subfield code="o">&#x909;  &#x905;&#x92C;&#x94D;&#x926;&#x941;&#x932;&#x94D;&#x932;&#x93E;</subfield>
    <subfield code="p">B-297619</subfield>
    <subfield code="r">2018-02-17 00:00:00</subfield>
    <subfield code="s">2017-12-30</subfield>
    <subfield code="t">1</subfield>
    <subfield code="v">150.00</subfield>
    <subfield code="w">2009-05-21</subfield>
    <subfield code="y">HN</subfield>
  </datafield>
  <datafield tag="952" ind1=" " ind2=" ">
    <subfield code="0">0</subfield>
    <subfield code="1">0</subfield>
    <subfield code="2">ddc</subfield>
    <subfield code="4">0</subfield>
    <subfield code="7">0</subfield>
    <subfield code="8">FIC</subfield>
    <subfield code="a">M</subfield>
    <subfield code="b">M</subfield>
    <subfield code="d">2009-05-21</subfield>
    <subfield code="e">&#x935;&#x93F;&#x91C;&#x94D;&#x91E;&#x93E;&#x928; &#x92D;&#x93E;&#x930;&#x924;&#x940;/228/22.9.08/447/4.9.08/1.10.08</subfield>
    <subfield code="l">0</subfield>
    <subfield code="o">&#x909;  &#x905;&#x92C;&#x94D;&#x926;&#x941;&#x932;&#x94D;&#x932;&#x93E;</subfield>
    <subfield code="p">B-297620</subfield>
    <subfield code="r">2009-05-21 00:00:00</subfield>
    <subfield code="t">2</subfield>
    <subfield code="v">150.00</subfield>
    <subfield code="w">2009-05-21</subfield>
    <subfield code="y">HN</subfield>
  </datafield>
  <datafield tag="952" ind1=" " ind2=" ">
    <subfield code="0">0</subfield>
    <subfield code="1">0</subfield>
    <subfield code="2">ddc</subfield>
    <subfield code="4">0</subfield>
    <subfield code="7">0</subfield>
    <subfield code="8">FIC</subfield>
    <subfield code="a">M</subfield>
    <subfield code="b">M</subfield>
    <subfield code="d">2009-05-21</subfield>
    <subfield code="e">&#x935;&#x93F;&#x91C;&#x94D;&#x91E;&#x93E;&#x928; &#x92D;&#x93E;&#x930;&#x924;&#x940;/228/22.9.08/447/4.9.08/1.10.08</subfield>
    <subfield code="l">0</subfield>
    <subfield code="o">&#x909;  &#x905;&#x92C;&#x94D;&#x926;&#x941;&#x932;&#x94D;&#x932;&#x93E;</subfield>
    <subfield code="p">B-297621</subfield>
    <subfield code="r">2009-05-21 00:00:00</subfield>
    <subfield code="t">2</subfield>
    <subfield code="v">150.00</subfield>
    <subfield code="w">2009-05-21</subfield>
    <subfield code="y">HN</subfield>
  </datafield>
  <datafield tag="952" ind1=" " ind2=" ">
    <subfield code="0">0</subfield>
    <subfield code="1">3</subfield>
    <subfield code="2">ddc</subfield>
    <subfield code="4">0</subfield>
    <subfield code="7">0</subfield>
    <subfield code="8">FIC</subfield>
    <subfield code="a">BL1</subfield>
    <subfield code="b">BL1</subfield>
    <subfield code="d">2009-05-21</subfield>
    <subfield code="e">&#x935;&#x93F;&#x91C;&#x94D;&#x91E;&#x93E;&#x928; &#x92D;&#x93E;&#x930;&#x924;&#x940;/228/22.9.08/447/4.9.08/1.10.08</subfield>
    <subfield code="l">0</subfield>
    <subfield code="o">&#x909;  &#x905;&#x92C;&#x94D;&#x926;&#x941;&#x932;&#x94D;&#x932;&#x93E;</subfield>
    <subfield code="p">B-297622</subfield>
    <subfield code="r">2017-05-13 00:00:00</subfield>
    <subfield code="t">1</subfield>
    <subfield code="v">150.00</subfield>
    <subfield code="y">HN</subfield>
  </datafield>
  <datafield tag="952" ind1=" " ind2=" ">
    <subfield code="0">0</subfield>
    <subfield code="1">0</subfield>
    <subfield code="2">ddc</subfield>
    <subfield code="4">0</subfield>
    <subfield code="7">0</subfield>
    <subfield code="8">FIC</subfield>
    <subfield code="a">PR</subfield>
    <subfield code="b">PR</subfield>
    <subfield code="d">2009-05-21</subfield>
    <subfield code="e">&#x935;&#x93F;&#x91C;&#x94D;&#x91E;&#x93E;&#x928; &#x92D;&#x93E;&#x930;&#x924;&#x940;/228/22.9.08/447/4.9.08/1.10.08</subfield>
    <subfield code="l">0</subfield>
    <subfield code="o">&#x909;  &#x905;&#x92C;&#x94D;&#x926;&#x941;&#x932;&#x94D;&#x932;&#x93E;</subfield>
    <subfield code="p">B-297623</subfield>
    <subfield code="r">2009-05-21 00:00:00</subfield>
    <subfield code="t">1</subfield>
    <subfield code="v">150.00</subfield>
    <subfield code="w">2009-05-21</subfield>
    <subfield code="y">HN</subfield>
  </datafield>
  <datafield tag="952" ind1=" " ind2=" ">
    <subfield code="0">0</subfield>
    <subfield code="1">0</subfield>
    <subfield code="2">ddc</subfield>
    <subfield code="4">0</subfield>
    <subfield code="7">0</subfield>
    <subfield code="8">FIC</subfield>
    <subfield code="a">BL3</subfield>
    <subfield code="b">BL3</subfield>
    <subfield code="d">2009-05-21</subfield>
    <subfield code="e">&#x935;&#x93F;&#x91C;&#x94D;&#x91E;&#x93E;&#x928; &#x92D;&#x93E;&#x930;&#x924;&#x940;/228/22.9.08/447/4.9.08/1.10.08</subfield>
    <subfield code="l">0</subfield>
    <subfield code="o">&#x909;  &#x905;&#x92C;&#x94D;&#x926;&#x941;&#x932;&#x94D;&#x932;&#x93E;</subfield>
    <subfield code="p">B-297624</subfield>
    <subfield code="r">2009-05-21 00:00:00</subfield>
    <subfield code="t">1</subfield>
    <subfield code="v">150.00</subfield>
    <subfield code="w">2009-05-21</subfield>
    <subfield code="y">HN</subfield>
  </datafield>
  <datafield tag="952" ind1=" " ind2=" ">
    <subfield code="0">0</subfield>
    <subfield code="1">0</subfield>
    <subfield code="2">ddc</subfield>
    <subfield code="4">0</subfield>
    <subfield code="7">0</subfield>
    <subfield code="8">FIC</subfield>
    <subfield code="a">BL4</subfield>
    <subfield code="b">BL4</subfield>
    <subfield code="d">2009-05-21</subfield>
    <subfield code="e">&#x935;&#x93F;&#x91C;&#x94D;&#x91E;&#x93E;&#x928; &#x92D;&#x93E;&#x930;&#x924;&#x940;/228/22.9.08/447/4.9.08/1.10.08</subfield>
    <subfield code="l">4</subfield>
    <subfield code="m">1</subfield>
    <subfield code="o">&#x909;  &#x905;&#x92C;&#x94D;&#x926;&#x941;&#x932;&#x94D;&#x932;&#x93E;</subfield>
    <subfield code="p">B-297625</subfield>
    <subfield code="r">2025-06-19 00:00:00</subfield>
    <subfield code="s">2025-06-05</subfield>
    <subfield code="t">1</subfield>
    <subfield code="v">150.00</subfield>
    <subfield code="w">2009-05-21</subfield>
    <subfield code="y">HN</subfield>
  </datafield>
  <datafield tag="952" ind1=" " ind2=" ">
    <subfield code="0">0</subfield>
    <subfield code="1">0</subfield>
    <subfield code="2">ddc</subfield>
    <subfield code="4">0</subfield>
    <subfield code="7">0</subfield>
    <subfield code="8">FIC</subfield>
    <subfield code="a">NR</subfield>
    <subfield code="b">NR</subfield>
    <subfield code="d">2023-05-25</subfield>
    <subfield code="e">DBAD/PUB</subfield>
    <subfield code="g">350.00</subfield>
    <subfield code="l">0</subfield>
    <subfield code="o">&#x909;  &#x905;&#x92C;&#x94D;&#x926;&#x941;&#x932;&#x94D;&#x932;&#x93E;</subfield>
    <subfield code="p">HN-97558</subfield>
    <subfield code="r">2023-05-25 00:00:00</subfield>
    <subfield code="t">1</subfield>
    <subfield code="v">350.00</subfield>
    <subfield code="y">HN</subfield>
  </datafield>
  <datafield tag="952" ind1=" " ind2=" ">
    <subfield code="0">0</subfield>
    <subfield code="1">0</subfield>
    <subfield code="2">ddc</subfield>
    <subfield code="4">0</subfield>
    <subfield code="7">1</subfield>
    <subfield code="8">FIC</subfield>
    <subfield code="a">DBAD</subfield>
    <subfield code="b">DBAD</subfield>
    <subfield code="d">2023-06-09</subfield>
    <subfield code="e">DBAD/PUB</subfield>
    <subfield code="g">350.00</subfield>
    <subfield code="l">0</subfield>
    <subfield code="o">&#x909;  &#x905;&#x92C;&#x94D;&#x926;&#x941;&#x932;&#x94D;&#x932;&#x93E;</subfield>
    <subfield code="p">HN-97613</subfield>
    <subfield code="r">2023-06-09 00:00:00</subfield>
    <subfield code="t">1</subfield>
    <subfield code="w">2023-06-09</subfield>
    <subfield code="y">HN</subfield>
  </datafield>
</record>
